书目信息 |
| 题名: |
包装设计理论及创新应用实践
|
|
| 作者: | 刘亚平 著 | |
| 分册: | ||
| 出版信息: | 北京 中国水利水电出版社 2019 |
|
| 页数: | 249页 | |
| 开本: | 24cm | |
| 丛书名: | ||
| 单 册: | ||
| 中图分类: | TB482 | |
| 科图分类: | ||
| 主题词: | 包装设计 | |
| 电子资源: | ||
| ISBN: | 978-7-5170-6671-2 | |
| 000 | 00854nam0 2200217 450 | |
| 001 | 2347935776 | |
| 005 | 20231104132046.96 | |
| 010 | @a978-7-5170-6671-2@dCNY76.00 | |
| 100 | @a20190226d2019 em y0chiy50 ea | |
| 101 | 0 | @achi |
| 102 | @aCN@b110000 | |
| 105 | @aa z 000yy | |
| 200 | 1 | @a包装设计理论及创新应用实践@9bao zhuang she ji li lun ji chuang xin ying yong shi jian@f刘亚平著 |
| 210 | @a北京@c中国水利水电出版社@d2019 | |
| 215 | @a249页@c图@d24cm | |
| 330 | @a本书内容包括包装的起源、发展与未来趋向、形式、风格与表现,包装设计的基本理论、特征、功能与原则,包装设计赋予商品的附加价值,包装设计的材料与方法,新世纪与新理念下的包装设计等内容,并选取部分优秀设计实例进行分析。 | |
| 606 | 0 | @a包装设计 |
| 690 | @aTB482@v5 | |
| 701 | 0 | @a刘亚平@9liu ya ping@4著 |
| 801 | 0 | @aCN@b大连网信软件有限公司图书馆·11@c20231104 |
| 905 | @aBZT@dTB482@e4 | |
| 包装设计理论及创新应用实践/刘亚平著.-北京:中国水利水电出版社,2019 |
| 249页:图;24cm |
| ISBN 978-7-5170-6671-2:CNY76.00 |
| 本书内容包括包装的起源、发展与未来趋向、形式、风格与表现,包装设计的基本理论、特征、功能与原则,包装设计赋予商品的附加价值,包装设计的材料与方法,新世纪与新理念下的包装设计等内容,并选取部分优秀设计实例进行分析。 |
| ● |
| 相关链接 |
|
|
|
正题名:包装设计理论及创新应用实践
索取号:TB482/4
 
预约/预借
| 序号 | 登录号 | 条形码 | 馆藏地/架位号 | 状态 | 备注 |
| 1 | 2000946325 | 2000946325 | 安徽、中教混合/安徽时代(第一批)/148/ [索取号:TB482/4] | 在馆 | |
| 2 | 2000946326 | 2000946326 | 安徽、中教混合/安徽时代(第一批)/148/ [索取号:TB482/4] | 在馆 | |
| 3 | 2000946327 | 2000946327 | 安徽、中教混合/安徽时代(第一批)/148/ [索取号:TB482/4] | 在馆 | |
| 4 | 2000946328 | 2000946328 | 安徽、中教混合/安徽时代(第一批)/148/ [索取号:TB482/4] | 在馆 | |
| 5 | 2000946329 | 2000946329 | 安徽、中教混合/安徽时代(第一批)/148/ [索取号:TB482/4] | 在馆 | |
| 6 | 2000946330 | 2000946330 | 安徽、中教混合/安徽时代(第一批)/148/ [索取号:TB482/4] | 在馆 |